Storyboard design course : principles, practice, and techniques : the ultimate guide for artists, directors, producers, and scriptwriters (Record no. 9481)

000 -LEADER
fixed length control field 00483nam a2200145 4500
003 - CONTROL NUMBER IDENTIFIER
control field OSt
005 - DATE AND TIME OF LATEST TRANSACTION
control field 20210625161857.0
008 - FIXED-LENGTH DATA ELEMENTS--GENERAL INFORMATION
fixed length control field 210625b ||||| |||| 00| 0 eng d
020 ## - INTERNATIONAL STANDARD BOOK NUMBER
International Standard Book Number 9780764137327
082 ## - DEWEY DECIMAL CLASSIFICATION NUMBER
Classification number 741.58
Item number CRI
100 ## - MAIN ENTRY--PERSONAL NAME
Personal name Cristiano, Giuseppe
245 ## - TITLE STATEMENT
Title Storyboard design course : principles, practice, and techniques : the ultimate guide for artists, directors, producers, and scriptwriters
260 ## - PUBLICATION, DISTRIBUTION, ETC. (IMPRINT)
Place of publication, distribution, etc North America
Name of publisher, distributor, etc Barrons educational series
Date of publication, distribution, etc 2007
942 ## - ADDED ENTRY ELEMENTS (KOHA)
Source of classification or shelving scheme
Holdings
Withdrawn status Lost status Source of classification or shelving scheme Damaged status Koha normalized classification for sorting Not for loan Permanent location Current location Date acquired Total Checkouts Full call number Barcode Date last seen Date last borrowed Price effective from Koha item type
        741_580000000000000_CRI   BMS College of Architecture, Design and Planning BMS College of Architecture, Design and Planning 2021-06-25 3 741.58 CRI AR-UG2272 2025-09-11 2025-07-30 2021-06-25 UG Books
Copyright © 2025, The Librarian, Library and Information Centre, BMSCA D&P, Bengaluru. All Rights Reserved
web counter

Powered by Koha